[Event "FIN-ch"]
[Site "Helsinki"]
[Date "1994.??.??"]
[Round "?"]
[White "Pyhala, Antti"]
[Black "Holmsten, Aleksei"]
[Result "0-1"]
[WhiteElo "2350"]
[BlackElo "2320"]

1.e4 c5 2.Nf3 Nc6 3.Bb5 g6 4.O-O Bg7 5.Re1 Nf6 6.c3 O-O 7.h3 e5 8.d4 cxd4
9.cxd4 exd4 10.e5 Nd5 11.Bg5 Qb6 12.Na3 a6 13.Bf1 Qxb2 14.Nc4 Qb4 15.Nxd4 b5
16.Rb1 Qa4 17.Qf3 bxc4 18.Qxd5 c3 19.Bc4 c2 20.Rbc1 Bb7 21.Nxc6 Bxc6 22.Qc5 Rfe8
23.Bb3 Qb5 24.Qxb5 Bxb5 25.f4 Rac8 26.Kf2 h6 27.Bh4 g5 28.Bg3 Bd3 29.Bh2 Bf8
30.g4 Bc5+ 31.Kf3 Ba3 32.f5 Bxc1 33.Rxc1 Bc4 34.Ba4 Bb5 35.Bb3 a5 36.Ke4 a4
37.Bxc2 Rc4+ 38.Kd5 Rec8 39.Bxa4 Rxc1  0-1

[Event "FIN-ch"]
[Site "Helsinki"]
[Date "1994.??.??"]
[Round "?"]
[White "Pulkkinen, Kari"]
[Black "Sammalvuo, Tapani"]
[Result "1-0"]
[WhiteElo "2360"]
[BlackElo "2280"]

1.e4 c5 2.Nf3 Nc6 3.Bb5 e6 4.O-O Nge7 5.Re1 Ng6 6.c3 a6 7.Bf1 Be7 8.d4 cxd4
9.cxd4 d5 10.Nc3 dxe4 11.Nxe4 O-O 12.Be3 b6 13.a3 Bb7 14.Nc3 Na5 15.Ne5 Bf6
16.Qh5 Qd6 17.Rad1 Rac8 18.Ng4 Be7 19.d5 f5 20.dxe6 Qc6 21.Nd5 fxg4 22.Qxg6 Qxd5
23.Rxd5 hxg6 24.Rd7 Bc5 25.b4 Bxe3 26.Rxe3 Bc6 27.bxa5 Bxd7 28.exd7 Rcd8
29.Bc4+ Kh7 30.Be6 bxa5 31.Bxg4 Rf5 32.Bxf5 gxf5 33.Rd3 Kg6 34.f4  1-0

[Event "Helsinki-ch"]
[Site "Helsinki"]
[Date "1994.??.??"]
[Round "?"]
[White "Pyhala, Antti"]
[Black "Sammalvuo, Tapani"]
[Result "1/2-1/2"]
[WhiteElo "2350"]
[BlackElo "2280"]

1.e4 c5 2.Nf3 Nc6 3.Bb5 e6 4.O-O Nge7 5.Re1 Ng6 6.c3 a6 7.Bf1 Be7 8.d4 cxd4
9.cxd4 d5 10.Nc3 dxe4 11.Rxe4 O-O 12.Bc4 b5 13.Bb3 Bb7 14.Rg4 Qd7 15.Bg5 Na5
16.Bxe7 Qxe7 17.Ne5 Nxb3 18.axb3 Rfd8 19.Nxg6 hxg6 20.Qe2 Qf6 21.Qe3 Rd7
22.Rf4 Qg5 23.Ne4 Qd5 24.f3 g5 25.Rg4 f5 26.Rxg5 Qxd4 27.Qxd4 Rxd4 28.Nc5 Bd5
29.Kf2 Kf7 30.Ke3 Rh4 31.Nd3 Rxh2 32.Ne5+ Kf6 33.Kf4 Rh4+ 34.g4 fxg4 35.fxg4 Rh6
36.Rc1 Ra7 37.b4 g6 38.Rc8 Rg7 39.Rf8+ Ke7 40.Rc8 Kf6 41.Rf8+ Ke7 42.Rc8 Kf6  1/2-1/2

[Event "Helsinki-ch"]
[Site "Helsinki"]
[Date "1994.??.??"]
[Round "?"]
[White "Nouro, Mikael"]
[Black "Manninen, Marko"]
[Result "1/2-1/2"]
[WhiteElo "2245"]
[BlackElo "2375"]

1.e4 c5 2.Nf3 Nc6 3.Bb5 e6 4.Bxc6 bxc6 5.O-O Ne7 6.c4 Ng6 7.d4 cxd4 8.Qxd4 d6
9.Nc3 e5 10.Qd3 Be7 11.Be3 O-O 12.Nd2 Be6 13.Rfd1 Rb8 14.b3 Qa5 15.Nf1 Nf4
16.Bxf4 exf4 17.Ne2 Bf6 18.Rab1 Be5 19.Qd2 Qxd2 20.Rxd2 Bxc4 21.Nd4 Rb6 22.Rc1 Bxf1
23.Kxf1 c5 24.Nf3 f6 25.Rcd1 g5 26.Nxe5 dxe5 27.Rd7 Ra6 28.a4 Rf7 29.Rd8+ Kg7
30.Rc8 Rb6 31.Rd3 Rfb7 32.Rxc5 Rxb3 33.Rxb3 Rxb3 34.Rc7+ Kg6 35.f3 h5 36.Rxa7 g4
37.fxg4 hxg4 38.a5 Rb1+ 39.Kf2 Rb2+ 40.Kf1 g3 41.hxg3 fxg3 42.a6 Rf2+ 43.Kg1 Re2
44.Kf1 Rxe4 45.Ra8 Kf5 46.Rg8 Ra4 47.Rxg3 Rxa6 48.Rb3 Kf4 49.Kf2 Ra2+ 50.Kf1 e4
51.Rc3 f5 52.Rb3 e3 53.Rb8 Rf2+ 54.Kg1 Rd2 55.Kf1 Ke4 56.Ra8 f4 57.Ra7 Rf2+
58.Kg1 Rc2 59.Kf1 Kd3 60.Rd7+ Kc3 61.Rc7+ Kd2 62.Rxc2+ Kxc2 63.Ke2 Kc3 64.g3 fxg3
65.Kxe3 g2 66.Kf2 g1=Q+ 67.Kxg1  1/2-1/2

[Event "EU-ch U14"]
[Site "Herculane"]
[Date "1994.??.??"]
[Round "6"]
[White "Wapner, Jonathan"]
[Black "Kundin, Alexander"]
[Result "1-0"]
[WhiteElo "2155"]
[BlackElo "2295"]

1.e4 c5 2.Nf3 Nc6 3.Bb5 e6 4.O-O Nge7 5.b3 Nd4 6.Nxd4 cxd4 7.c3 a6 8.Bd3 Nc6
9.Bb2 Bc5 10.cxd4 Bxd4 11.Bxd4 Nxd4 12.Nc3 O-O 13.e5 d6 14.exd6 Qxd6 15.Ne4 Qe7
16.f4 Bd7 17.Ng5 h6 18.Nf3 Rfd8 19.Rc1 Bb5 20.Bxb5 axb5 21.Nxd4 Rxd4 22.Qc2 Qd6
23.Rf2 Rd8 24.g3 h5 25.Qc5 Rc4 26.Rxc4 bxc4 27.Qxd6 Rxd6 28.bxc4 Rd4 29.d3 Rxd3
30.Rb2 Rd7 31.Kf2 Rc7 32.Rb4 Kf8 33.Ke3 Rd7 34.a4 Ke7 35.c5 Kd8 36.a5 Kc8
37.Rb6 Rd5 38.c6 bxc6 39.a6 Ra5 40.Rxc6+ Kd7 41.Rb6 Ke7 42.Rb7+ Kf6 43.a7 Ra4
44.Kd3 Kg6 45.Kc3 f6 46.Kb3 Ra1 47.Kc4 e5 48.fxe5 fxe5 49.Kb5 Kf5 50.Kb6 g5
51.Rf7+ Kg4 52.Re7 Kf5 53.Re8 h4 54.gxh4 gxh4 55.a8=Q Rxa8 56.Rxa8 Kg4 57.Kc5 e4
58.Kd4 Kf3 59.Ra3+ Kg2 60.h3 e3 61.Kxe3  1-0

[Event "Hlohovec op"]
[Site "Hlohovec"]
[Date "1994.??.??"]
[Round "?"]
[White "Titova Boric, Elena"]
[Black "Manik, Mikulas"]
[Result "1/2-1/2"]
[WhiteElo "2240"]
[BlackElo "2345"]

1.e4 c5 2.Nf3 Nc6 3.Bb5 Nf6 4.Qe2 g6 5.O-O Bg7 6.e5 Nd5 7.Qc4 Ncb4 8.a3 a6
9.Ba4 b5 10.Qe4 Bb7 11.axb4 Qc8 12.bxc5 bxa4 13.d4 O-O 14.Qe2 d6 15.cxd6 exd6
16.exd6 Re8 17.Qd1 Qc6 18.Na3 Qxd6 19.c3 Nf4 20.Bxf4 Qxf4 21.Nc4 Bc6 22.Nce5 Bb5
23.c4 Bxe5 24.cxb5 Bf6 25.bxa6 Rxa6 26.Rxa4 Rb6 27.b3 Reb8 28.Qd2 Qf5 29.b4 Be7
30.Ra7 Bf8 31.Qg5 Qxg5 32.Nxg5 Rxb4 33.Nxf7 Rxd4 34.Ng5 Bc5 35.Rc7 Bb6 36.Rc6 Rd2
37.g3 Ba7 38.Ne4 Re2 39.Nf6+ Kg7 40.Rc7+ Kxf6 41.Rxa7 h5 42.h4 Rbb2 43.Ra3 Kg7
44.Rf3 Re6 45.Ra1 Rb7 46.Kg2 Rf6  1/2-1/2

[Event "Honra"]
[Site "Honra"]
[Date "1994.??.??"]
[Round "5"]
[White "Charneira, Hermenegildo"]
[Black "Morais, Vitor"]
[Result "0-1"]
[WhiteElo "2245"]
[BlackElo "2130"]

1.e4 c5 2.Nf3 Nc6 3.Bb5 g6 4.O-O Bg7 5.c3 e5 6.d4 cxd4 7.Bc4 Nge7 8.Ng5 O-O
9.Qf3 Qe8 10.Na3 a6 11.Bd5 h6 12.Nc4 Nxd5 13.exd5 hxg5 14.dxc6 dxc6 15.cxd4 g4
16.Qg3 Be6 17.Nxe5 Rd8 18.Be3 Qe7 19.f3 gxf3 20.Rxf3 Rd5 21.Raf1 Bf5 22.Rxf5 gxf5
23.Rxf5 Qc7 24.Rf6 Qd8 25.Rf1 f5 26.Ng6 Re8 27.Bg5 Qd7 28.Ne5 Qe6 29.Be3 c5
30.Nf3  0-1

[Event "HUN-chT 9394"]
[Site "?"]
[Date "1994.??.??"]
[Round "?"]
[White "Csoke, Adrienn"]
[Black "Grabics, Monika"]
[Result "0-1"]
[WhiteElo "2200"]
[BlackElo "2295"]

1.e4 c5 2.Nf3 Nc6 3.Bb5 g6 4.Bxc6 dxc6 5.h3 Bg7 6.d3 Nf6 7.Nc3 Nd7 8.Be3 e5
9.Qd2 Qe7 10.Ne2 Nf8 11.g3 Ne6 12.O-O-O Nd4 13.Neg1 Be6 14.Kb1 f6 15.c3 Nb5
16.Ne2 Qf7 17.Nc1 b6 18.Qe2 a5 19.a4 Nd6 20.Nd2 O-O 21.f4 Nb7 22.Rdf1 Qd7
23.g4 exf4 24.Rxf4 b5 25.Qd1 Rad8 26.Rff1 Rf7 27.Qc2 b4 28.c4 Qe7 29.Rf3 f5
30.gxf5 gxf5 31.Rhf1 Rdf8 32.Ncb3 fxe4 33.Rxf7 Rxf7 34.Rxf7 Qxf7 35.Nxe4 Bxh3
36.Nexc5 Nxc5 37.Bxc5 Qf1+ 38.Nc1 Bh6 39.Bd6 Bxc1 40.Qxc1 Qxd3+ 41.Ka1 Qxd6  0-1

[Event "HUN-chT 9394"]
[Site "?"]
[Date "1994.??.??"]
[Round "?"]
[White "Csoke, Krisztian"]
[Black "Lehmann, Zoltan"]
[Result "1/2-1/2"]
[WhiteElo "2300"]
[BlackElo "2300"]

1.e4 c5 2.Nf3 Nc6 3.Bb5 g6 4.O-O Bg7 5.c3 e5 6.d3 Nge7 7.Be3 d6 8.h3 O-O
9.Bc4 h6 10.d4 exd4 11.cxd4 Qb6 12.Qd2 Kh7 13.Rd1 f5 14.Nc3 cxd4 15.Bxd4 Nxd4
16.Nxd4 fxe4 17.Na4 Qd8 18.Ne6 Bxe6 19.Bxe6 Nc6 20.Bd5 Qh4 21.Qe3 Be5 22.Nc3 Rae8
23.Nxe4 Nb4 24.Rac1 Re7 25.f3 Nxd5 26.Rxd5 Bf4 27.Qe1 Qxe1+ 28.Rxe1 Kg7 29.Red1 Rc8
30.R1d3 Rc1+ 31.Rd1 Rc2 32.Rb5 b6 33.a4 Be5 34.b3 Rb2 35.h4 Rc7 36.Rd2 Rc1+
37.Kf2 Rxd2+ 38.Nxd2 Rc2 39.Ke2 Bf4 40.Rd5 Kf6 41.Kd1 Rxd2+ 42.Rxd2 Bxd2
43.Kxd2 Ke5  1/2-1/2

[Event "HUN-chT 9394"]
[Site "?"]
[Date "1994.??.??"]
[Round "?"]
[White "Horvath, Zoltan"]
[Black "Varga, Peter"]
[Result "0-1"]
[WhiteElo "2110"]
[BlackElo "2250"]

1.e4 c5 2.Nf3 Nc6 3.Bb5 d6 4.d4 cxd4 5.Qxd4 Bd7 6.Bxc6 Bxc6 7.Nc3 Nf6 8.Bg5 e6
9.O-O-O Be7 10.e5 dxe5 11.Qxe5 Qb8 12.Qe3 b5 13.Ne5 Qb7 14.Nxc6 Qxc6 15.Bxf6 gxf6
16.Qe4 Qxe4 17.Nxe4 Rg8 18.g3 Rd8 19.f4 f5 20.Rxd8+ Kxd8 21.Nf2 h5 22.Kd2 Bc5
23.Nd3 Bb6 24.Ke2 Ke7 25.c3 f6 26.a4 bxa4 27.Ra1 h4 28.gxh4 Rg2+ 29.Kf3 Rxh2
30.Rxa4 Rxh4 31.c4 Rh3+ 32.Ke2 Re3+ 33.Kd2 Re4 34.b3 a5 35.Kc3 Bc7 36.Ra2 Re3
37.Kd4 Rf3 38.c5 Kd7 39.Ra4 Kc6 40.Kc4 Re3 41.Ra2 Re4+ 42.Kc3 Kb5 43.Rf2 Bb8
44.Rf1 Ba7 45.Ra1 Bxc5 46.Nxc5 Kxc5 47.Rxa5+ Kb6 48.Ra8 Rxf4 49.Rf8 e5 50.Rxf6+ Kc5
51.Rf8 Rf3+ 52.Kd2 f4 53.Rb8 Rh3 54.b4+ Kd4  0-1

[Event "HUN-chT 9394"]
[Site "?"]
[Date "1994.??.??"]
[Round "?"]
[White "Siklosi, Zoltan"]
[Black "Horvath, Peter"]
[Result "0-1"]
[WhiteElo "2365"]
[BlackElo "2395"]

1.e4 c5 2.Nf3 Nc6 3.Bb5 a6 4.Bxc6 dxc6 5.d3 Bg4 6.h3 Bh5 7.Be3 e6 8.Nbd2 Qc7
9.Qe2 Nf6 10.O-O-O Nd7 11.g4 Bg6 12.Nh4 Be7 13.Nxg6 hxg6 14.f4 O-O-O 15.Nf3 f6
16.Kb1 Bd6 17.Qd2 Nb6 18.b3 Nd7 19.h4 b5 20.c4 Nb6 21.e5 Be7 22.Qf2 Nd7 23.Rc1 fxe5
24.Nxe5 Nxe5 25.fxe5 Qxe5 26.cxb5 Bf6 27.d4 Qe4+ 28.Kb2 Rxd4 29.Rc3 Rd3  0-1

[Event "HUN-chT 9394"]
[Site "?"]
[Date "1994.??.??"]
[Round "?"]
[White "Kadar, Gabor"]
[Black "Murin, Janos"]
[Result "1-0"]
[WhiteElo "2300"]
[BlackElo "2265"]

1.e4 c5 2.Nf3 Nc6 3.Bb5 g6 4.O-O Bg7 5.c3 Nf6 6.e5 Nd5 7.d4 cxd4 8.cxd4 O-O
9.Qb3 Nc7 10.Be2 d5 11.Nc3 Na5 12.Qa3 b6 13.Bg5 Re8 14.b4 Nc4 15.Qb3 Ba6
16.Rfc1 h6 17.Bh4 g5 18.Bg3 e6 19.b5 Bb7 20.Bxc4 dxc4 21.Qxc4 Rc8 22.Qd3 Qd7
23.a4 Red8 24.Ne4 Ne8 25.Nd6 Nxd6 26.exd6 Bxf3 27.gxf3 Bf8 28.Rc7 Rxc7 29.dxc7 Rc8
30.Rc1 Bd6 31.Bxd6 Qxd6 32.Rc6 Qd7 33.Qc3 Qd5 34.Qe3 Kf8 35.Kg2 Ke7 36.Qe5 Qd7
37.h4 gxh4 38.Qf4 h3+ 39.Kh2 Qd5 40.Qe4 Qg5 41.Qg4 Qd5 42.Qh4+ Qg5 43.Kxh3 Kf6
44.d5 Ke7 45.dxe6 fxe6 46.Qg4 Qe5 47.Qg3 Qf5+ 48.Kg2 Kf6 49.Rc4 Ke7 50.Qg7+ Qf7
51.Qxf7+ Kxf7 52.Kg3 Ke7 53.Kh4 Kd7 54.Kh5 Ke7 55.Kxh6 Kf6 56.Kh5 Kf5 57.Kh4 Rh8+  1-0

[Event "HUN-chT2 9394"]
[Site "?"]
[Date "1994.??.??"]
[Round "?"]
[White "Doery, Jeno"]
[Black "Wells, Peter K"]
[Result "0-1"]
[WhiteElo "2330"]
[BlackElo "2490"]

1.e4 c5 2.Nf3 Nc6 3.Bb5 g6 4.O-O Bg7 5.c3 Nf6 6.Re1 O-O 7.e5 Nd5 8.d4 Nc7
9.Ba4 cxd4 10.cxd4 d6 11.Bxc6 bxc6 12.Qa4 Bb7 13.Nbd2 Ne6 14.exd6 exd6 15.Ne4 c5
16.dxc5 Nxc5 17.Nxc5 dxc5 18.Bg5 Qd5 19.Re7 Bxb2 20.Rd1 Bd4 21.Re5 Qd6 22.Be7 Qc7
23.Rxd4 Bxf3 24.Bd6 Qb6 25.gxf3 cxd4 26.Bxf8 Rxf8 27.Rd5 Rd8 28.Rxd8+ Qxd8
29.Kf1 Qd5 30.Qxa7 d3  0-1

[Event "HUN-chT2 9394"]
[Site "?"]
[Date "1994.??.??"]
[Round "?"]
[White "Lendvai, Noemi"]
[Black "Kulcsar, Miklos"]
[Result "0-1"]
[WhiteElo "2105"]
[BlackElo "2230"]

1.e4 c5 2.Nf3 Nc6 3.Bb5 g6 4.O-O Bg7 5.Re1 Nf6 6.c3 a6 7.Bf1 O-O 8.d4 cxd4
9.cxd4 d6 10.h3 Bd7 11.Nc3 b5 12.a3 Rc8 13.Bf4 Na5 14.Qe2 Nc4 15.e5 Ne8 16.g3 Bc6
17.Bg2 Bb7 18.Kh2 Nc7 19.Red1 Ne6 20.d5 Nxf4 21.gxf4 Qc7 22.Rac1 dxe5 23.b3 e4
24.Nxe4 Qxf4+ 25.Ng3 Ne5 26.Rxc8 Rxc8 27.Nxe5 Bxe5 28.d6 Bxd6 29.Bxb7 Rc3
30.Bxa6 Rxg3 31.fxg3 Qxg3+ 32.Kh1 Qxh3+ 33.Kg1 Bc5+  0-1

[Event "HUN-chT2 9394"]
[Site "?"]
[Date "1994.??.??"]
[Round "?"]
[White "Lakos, Nikoletta"]
[Black "Kocsis, Gyorgy"]
[Result "1-0"]
[WhiteElo "2260"]
[BlackElo "2285"]

1.e4 c5 2.Nf3 Nc6 3.Bb5 g6 4.O-O Bg7 5.c3 Nf6 6.Re1 O-O 7.h3 d5 8.e5 Ne8
9.d4 Qb6 10.Bf1 cxd4 11.cxd4 Bf5 12.Nc3 Nb4 13.Nh4 Be6 14.Na4 Qd8 15.Nc5 Qc8
16.a3 Nc6 17.Be3 f6 18.f4 Nc7 19.Rc1 Rb8 20.b4 a6 21.Kh1 Bf7 22.Qb3 Ne6 23.Qc3 Nxc5
24.Qxc5 Qe6 25.Bd3 fxe5 26.fxe5 Rfc8 27.Qb6 Nd8 28.Qxe6 Nxe6 29.Nf3 h6 30.Nh4 Kh7
31.Rf1 Be8 32.Bb1 Rxc1 33.Rxc1 h5 34.Ba2 Rd8 35.Rf1 Bh6 36.Bg1 Nf4 37.Bb1 Rc8
38.Be3 Ne2 39.Bf2 Rc3 40.a4 Ra3 41.Bc2 Be3 42.Nf3 Kg7 43.Bd1 Bxf2 44.Bxe2 Be3
45.a5 Rb3 46.Re1 Bf4 47.g3 Bxg3 48.Rc1 Bc6 49.Ng5 Rxb4 50.Rf1 Kg8 51.Ne6 Bd7
52.Rf8+ Kh7 53.Rf7+ Kh6 54.Rxe7 Bxe6 55.Rxe6 Rxd4 56.Bf3 Kg5 57.Rd6 Rd3 58.Bxd5 Bxe5
59.Rxg6+ Kf5 60.Bf7 Rxh3+ 61.Kg2 Ra3 62.Rb6 h4 63.Be6+ Kg5  1-0

[Event "HUN-chT2 9394"]
[Site "?"]
[Date "1994.??.??"]
[Round "?"]
[White "Jozsa, Csaba"]
[Black "Vigh, Bela"]
[Result "0-1"]
[WhiteElo "2280"]
[BlackElo "2405"]

1.e4 c5 2.Nf3 Nc6 3.Bb5 g6 4.O-O Nf6 5.e5 Nd5 6.Nc3 Nc7 7.Re1 Bg7 8.d3 O-O
9.Bxc6 dxc6 10.h3 b6 11.Ne4 Ne6 12.Be3 f6 13.exf6 exf6 14.Qd2 f5 15.Neg5 Nc7
16.Bf4 Bxb2 17.Rad1 Bf6 18.Ne5 Nd5 19.Nxc6 Qc7 20.Ne5 Qg7 21.Ngf3 Nxf4 22.Qxf4 Bb7
23.Ng5 Bd5 24.Nc4 Rae8 25.h4 h6 26.Nf3 Bc3 27.Re3 Rxe3 28.Nxe3 Bxa2 29.Qa4 Be6
30.Qc6 Qd7 31.Qxd7 Bxd7 32.Nd5 Ba5 33.Ne5 Be6 34.Nf4 Re8 35.Nexg6 Bf7 36.h5 Kg7
37.Nh4 Kf6 38.Kf1 Bc3 39.Nf3 b5 40.d4 cxd4 41.Nxd4 Rd8 42.Nfe2 Bc4  0-1

[Event "HUN-chT2 9394"]
[Site "?"]
[Date "1994.??.??"]
[Round "?"]
[White "Horvath, Jeno Kalman"]
[Black "Nemeth, Antal"]
[Result "0-1"]
[WhiteElo "2215"]
[BlackElo "2250"]

1.e4 c5 2.Nf3 Nc6 3.Bb5 e6 4.O-O Nge7 5.c3 a6 6.Ba4 c4 7.d4 cxd3 8.Qxd3 b5
9.Bc2 Ng6 10.Rd1 Be7 11.Qe2 Qc7 12.Be3 O-O 13.Nbd2 Bb7 14.Nb3 d6 15.Rac1 Rfe8
16.Nbd4 Nce5 17.Nd2 d5 18.f4 Nc4 19.Nxc4 dxc4 20.Rf1 e5 21.fxe5 Nxe5 22.Bf4 Bf6
23.Bg3 Qb6 24.Bf2 Nd3 25.Bxd3 cxd3 26.Qxd3 Bxe4 27.Qh3 Qb7 28.Rfe1 Qd5 29.b3 Rac8
30.Rcd1 Bg6 31.Re3 Rcd8 32.Rde1 Rxe3 33.Qxe3 h6 34.Qg3 Kh7 35.h3 Rc8 36.Rc1 Be5
37.Qe3 Qd6 38.Ne2 Re8 39.Qf3 Bh2+ 40.Kh1 Be4 41.Qh5 g6 42.Qc5 Bxg2+ 43.Kxg2 Rxe2
44.Qxd6 Bxd6 45.Kf3 Rxa2 46.Rd1 Be5  0-1

[Event "HUN-chT2 9394"]
[Site "?"]
[Date "1994.??.??"]
[Round "?"]
[White "Kiss, Viktor"]
[Black "Nemeth, Antal"]
[Result "1/2-1/2"]
[WhiteElo "2110"]
[BlackElo "2250"]

1.e4 c5 2.Nf3 Nc6 3.Bb5 Qb6 4.Nc3 e6 5.O-O Nge7 6.Re1 a6 7.Bf1 Ng6 8.b3 Be7
9.Bb2 O-O 10.Na4 Qc7 11.c4 d6 12.d4 cxd4 13.Nxd4 Bd7 14.Rc1 Nxd4 15.Bxd4 Bxa4
16.bxa4 Qc6 17.Rb1 Bd8 18.Qc2 Ba5 19.Red1 e5 20.Be3 Ne7 21.Be2 Rac8 22.Qb3 Qxe4
23.Qxb7 Qxb7 24.Rxb7 Rc7 25.Rdb1 Nf5 26.Rxc7 Bxc7 27.Bd2 Nd4 28.Bd3 Rb8 29.Rxb8+ Bxb8
30.Be4 Bc7 31.Kf1 a5 32.Bd5 Kf8 33.Bc3 Ne6 34.Ke2 Ke7 35.Bd2 Bb6 36.Be4 f5
37.Bb7 Nd4+ 38.Kd1 h6 39.Be3 e4 40.g4 g6 41.gxf5 gxf5 42.Bc8 Kf6 43.Bxh6 Nf3
44.Ke2 Nxh2 45.Bf4 Ng4 46.Bxd6 Bxf2 47.c5 Bd4 48.c6 Ne5 49.c7 Nc4 50.Bf4 Nb6
51.Bb7 Be5 52.Bxe5+ Kxe5 53.c8=Q Nxc8 54.Bxc8 f4 55.Bb7 Kd4 56.Bc6 Ke5 57.Bd7 Kd4
58.Bg4 Ke5 59.Kd2 Kd4 60.Ke2 Ke5 61.Bc8 Kd4 62.Bb7 Ke5 63.Kf2 Kd4 64.Bc6 Kd3
65.Bb7 Kd4 66.Bc6 Kd3  1/2-1/2

[Event "HUN-chT2 9394"]
[Site "?"]
[Date "1994.??.??"]
[Round "?"]
[White "Kiss, Viktor"]
[Black "Szabo, Janos"]
[Result "1/2-1/2"]
[WhiteElo "2110"]
[BlackElo "2235"]

1.e4 c5 2.Nf3 Nc6 3.Bb5 g6 4.O-O Bg7 5.c3 a6 6.Bxc6 bxc6 7.d4 cxd4 8.cxd4 Nf6
9.Nc3 O-O 10.Bf4 h6 11.Qd2 Kh7 12.Rfe1 d6 13.h3 Rb8 14.Rad1 Qb6 15.b3 Rb7
16.e5 dxe5 17.Nxe5 Nd5 18.Na4 Qb4 19.Nxc6 Qxd2 20.Bxd2 Rc7 21.Nb4 Rd8 22.Nxd5 Rxd5
23.Bf4 Rc2 24.Rxe7 Rxd4 25.Rxd4 Bxd4 26.Rxf7+ Kg8 27.Rc7 Bxf2+ 28.Kf1 Rxc7
29.Bxc7 Ba7 30.Bb6 Bb8 31.Nc5 Kf7  1/2-1/2

[Event "HUN-chT2 9394"]
[Site "?"]
[Date "1994.??.??"]
[Round "?"]
[White "Kiss, Viktor"]
[Black "Tomcsanyi, Peter"]
[Result "0-1"]
[WhiteElo "2110"]
[BlackElo "2290"]

1.e4 c5 2.Nf3 Nc6 3.Bb5 d6 4.O-O Bd7 5.c3 Nf6 6.Re1 a6 7.Bxc6 Bxc6 8.d4 Bxe4
9.Bg5 Bd5 10.Nbd2 e6 11.c4 Bxf3 12.Nxf3 Be7 13.d5 e5 14.Nh4 h6 15.Be3 Qd7
16.f4 e4 17.f5 O-O 18.Bf2 Rfe8 19.g4 Nh7 20.Ng2 Ng5 21.Kh1 Bf6 22.Rb1 h5
23.Nf4 hxg4 24.Qxg4 Re5 25.Ne6 Nf3 26.Re2 fxe6 27.dxe6 Qc6 28.Bg3 e3 29.Bxe5 Nxe5+
30.Qg2 Qxg2+ 31.Rxg2 Nxc4 32.b3 Nd2 33.Re1 Nf3 34.Rxe3 Nh4 35.Rg4 Nxf5 36.Rf3 Nh6
37.Rg6 Kh7 38.Rg2 Re8 39.Re2 Be5  0-1

[Event "JUG-chT"]
[Site "Igalo"]
[Date "1994.??.??"]
[Round "?"]
[White "Bojkovic, Natasa"]
[Black "Nepeina Leconte, Maria"]
[Result "1-0"]
[WhiteElo "2440"]
[BlackElo "2200"]

1.e4 c5 2.Nf3 Nc6 3.Bb5 g6 4.O-O Bg7 5.Re1 Qb6 6.Nc3 e6 7.Bxc6 Qxc6 8.d4 d6
9.d5 Qa6 10.e5 dxe5 11.Nxe5 Nf6 12.Be3 b6 13.dxe6 Bxe6 14.Qd6 Qb7 15.Nb5 Rc8
16.Bg5 a6 17.Nxf7 Qd7 18.Rxe6+ Kxf7 19.Rxf6+  1-0

[Event "JUG-chT"]
[Site "Igalo"]
[Date "1994.??.??"]
[Round "?"]
[White "Nevednichy, Vladislav"]
[Black "Ivanovic, Bozidar"]
[Result "1/2-1/2"]
[WhiteElo "2470"]
[BlackElo "2515"]

1.e4 c5 2.Nf3 Nc6 3.Bb5 g6 4.Bxc6 dxc6 5.h3 Bg7 6.d3 Nf6 7.Nc3 O-O 8.Be3 b6
9.Qd2 e5 10.Bh6 Qe7 11.Bxg7 Kxg7 12.Qe3 Re8 13.Nd2 Ba6 14.O-O-O Rad8 15.g4 Nd7
16.Ne2 Nf8 17.f4 exf4 18.Nxf4 Ne6 19.Nxe6+ Qxe6 20.Kb1 Kg8 21.g5 c4 22.d4 c5
23.Qa3 Rxd4 24.Qxa6 Red8 25.Qxa7 Rxd2 26.Rxd2 Rxd2 27.Rf1 Kg7 28.a4 Rd7 29.Qb8 c3
30.bxc3 Qxe4 31.Kb2 Rd2 32.Rc1 Qe6 33.h4 Rf2 34.Qc7 Re2  1/2-1/2

[Event "JUG-chT"]
[Site "Igalo"]
[Date "1994.??.??"]
[Round "?"]
[White "Nevednichy, Vladislav"]
[Black "Poluljahov, Aleksandr"]
[Result "1-0"]
[WhiteElo "2470"]
[BlackElo "2485"]

1.e4 c5 2.Nf3 Nc6 3.Bb5 g6 4.Bxc6 bxc6 5.O-O Bg7 6.Re1 Nh6 7.c3 O-O 8.d4 cxd4
9.cxd4 d5 10.e5 f6 11.exf6 exf6 12.h3 Nf7 13.b3 Ng5 14.Nbd2 Re8 15.Rxe8+ Qxe8
16.Nxg5 fxg5 17.Nf1 Qe4 18.Be3 Bd7 19.Qd2 h6 20.Rc1 a5 21.a4 Kh7 22.Re1 Qe7
23.Qc3 Bf8 24.Bc1 Qb4 25.Qxb4 Bxb4 26.Bd2 Bd6 27.Nh2 Kg8 28.Nf3 Kf7 29.g4 Rb8
30.Re3 Bc7 31.Bxa5 Bxa5 32.Ne5+ Kg8 33.Nxd7  1-0

[Event "JUG-chT"]
[Site "Igalo"]
[Date "1994.??.??"]
[Round "?"]
[White "Ristic, Nebojsa"]
[Black "Kovacevic, Predrag"]
[Result "0-1"]
[WhiteElo "2425"]
[BlackElo "2405"]

1.e4 c5 2.Nf3 Nc6 3.Bb5 Nf6 4.Nc3 e5 5.Bxc6 dxc6 6.Nxe5 Nxe4 7.Nxe4 Qd4 8.O-O Qxe5
9.d4 cxd4 10.Re1 Be6 11.Ng5 Qd5 12.Qg4 Kd7 13.Nxe6 fxe6 14.Be3 c5 15.Rad1 h5
16.Qg6 Qf5 17.Qxf5 exf5 18.c3 Bd6 19.cxd4 c4 20.d5 Rhe8 21.Bd4 g5 22.Rxe8 Rxe8
23.Kf1 Be5 24.b3 cxb3 25.axb3 Bxd4 26.Rxd4 Re4 27.Rd3 Kd6 28.f3 Rb4 29.Kf2 h4
30.g3 hxg3+ 31.Kxg3 Rb5 32.h4 gxh4+ 33.Kxh4 Rxd5 34.Rc3 Ke5 35.Kg5 Kd4 36.Rc4+ Kd3
37.Ra4 a5 38.b4 axb4 39.Rxb4 b5 40.Rb1 Kc2 41.Rh1 b4  0-1

[Event "JUG-chT"]
[Site "Igalo"]
[Date "1994.??.??"]
[Round "?"]
[White "Vujosevic, Vladimir"]
[Black "Kovacevic, Predrag"]
[Result "1-0"]
[WhiteElo "2225"]
[BlackElo "2405"]

1.e4 c5 2.Nf3 Nc6 3.Bb5 d6 4.c3 Bd7 5.h3 a6 6.Ba4 Nf6 7.Qe2 b5 8.Bc2 Qb6
9.O-O e5 10.Rd1 Be7 11.d3 O-O 12.Nbd2 Qc7 13.Nf1 d5 14.Ng3 d4 15.cxd4 cxd4
16.Bg5 h6 17.Bd2 Be6 18.Rdc1 Rfc8 19.Nf5 Bf8 20.Nh2 Qd7 21.g4 Nb4 22.Bxb4 Bxb4
23.Nf3 Bd6 24.Qd1 Nh7 25.Kh2 Nf8 26.N3h4 Rc5 27.Bb3 Rac8 28.Rxc5 Rxc5 29.Rc1 Bxb3
30.axb3 Ne6 31.Rxc5 Bxc5 32.Qc1 Bb4 33.Nf3 f6 34.Qc2 Kf7 35.h4 Nc5 36.g5 hxg5
37.hxg5 Qe6 38.gxf6 gxf6 39.Qd1 Nxb3 40.N3h4 Ke8 41.Ng7+ Ke7 42.Nxe6  1-0

[Event "JUG-chT"]
[Site "Igalo"]
[Date "1994.??.??"]
[Round "?"]
[White "Vujosevic, Vladimir"]
[Black "Lekic, Dusan"]
[Result "0-1"]
[WhiteElo "2225"]
[BlackElo "2340"]

1.e4 c5 2.Nf3 Nc6 3.Bb5 d6 4.c3 Nf6 5.Qe2 Bg4 6.O-O e6 7.d4 cxd4 8.cxd4 d5
9.e5 Nd7 10.Be3 Be7 11.Nc3 O-O 12.h3 Bh5 13.g4 Bg6 14.Ne1 f6 15.exf6 Nxf6
16.Rd1 Bd6 17.Ng2 h6 18.Bd3 Ne4 19.Bxe4 dxe4 20.f3 exf3 21.Rxf3 Rxf3 22.Qxf3 Qa5
23.Bf4 Rf8 24.Qe3 e5 25.Bg3 Nxd4 26.Nh4 Nf5 27.Qe1 Bc5+ 28.Kh2 Nxh4 29.Bxh4 Bd4
30.Bg3 Qc5 31.Rd2 Rf3 32.Re2 Qf8 33.Bxe5 Rf1 34.Qg3 Bxe5 35.Qxe5 Kh7 36.Qe3 Qd6+
37.Kg2 Rf8 38.Rf2 Re8 39.Qg3 Qd4 40.Qf4  0-1

[Event "Iraklio Schev"]
[Site "Iraklio"]
[Date "1994.??.??"]
[Round "4"]
[White "Georgiev, Krum"]
[Black "Vragoteris, Antonios"]
[Result "1/2-1/2"]
[WhiteElo "2465"]
[BlackElo "2300"]

1.e4 c5 2.Nf3 Nc6 3.Bb5 d6 4.O-O Bd7 5.Re1 Nf6 6.Na3 Rc8 7.c3 a6 8.Bf1 Bg4
9.h3 Bxf3 10.Qxf3 e6 11.Qg3 Nh5 12.Qe3 Nf6 13.Nc2 Be7 14.d4 cxd4 15.cxd4 d5
16.e5 Nd7 17.Bd3 Nb4 18.Nxb4 Bxb4 19.Re2 Qh4 20.f4 Ba5 21.g3 Qe7 22.f5 Bb6
23.Bd2 Nb8 24.Rf1 Nc6 25.Bc3 Kd7 26.Ref2 Rcf8 27.f6 gxf6 28.Rxf6 h5 29.Kh2 h4
30.g4 Nxe5 31.Bc2 Nc6 32.Qd2 Ke8 33.Kh1 Bc7 34.Qe3 Nd8 35.Ba4+ Nc6 36.Qe2 Qd6
37.R1f2 b5 38.Bd1 b4 39.Bd2 Nxd4 40.Qd3 Nb5 41.Ba4 Qc5 42.Qf3 Rh7 43.g5 Rg7
44.Qh5 Rg6 45.Qxh4 Rxf6 46.Rxf6 Be5 47.Rf3 Rh8 48.Qe1 Qd4 49.g6 fxg6 50.Bc2 Qg4
51.Qf1 Nd4 52.Ba4+ Nb5 53.Bxb5+ axb5 54.Rf8+ Ke7 55.Qf7+ Kd6 56.Rd8+ Kc5
57.Rc8+ Kb6 58.Be3+ d4 59.Bxd4+ Qxd4 60.Qxe6+ Bd6  1/2-1/2

[Event "Iraklio Schev"]
[Site "Iraklio"]
[Date "1994.??.??"]
[Round "9"]
[White "Porfiriadis, Sotirios"]
[Black "Grivas, Efstratios"]
[Result "0-1"]
[WhiteElo "2325"]
[BlackElo "2475"]

1.e4 c5 2.Nf3 Nc6 3.Bb5 e6 4.O-O Nge7 5.Re1 a6 6.Bxc6 Nxc6 7.c3 d5 8.exd5 Qxd5
9.d4 Be7 10.dxc5 Qxd1 11.Rxd1 Bxc5 12.Nbd2 e5 13.Ne4 Be7 14.h3 Bf5 15.Nd6+ Bxd6
16.Rxd6 Ke7 17.Rd1 Bc2 18.Re1 f6 19.Be3 Rhd8 20.Bb6 Rd5 21.Rac1 Bd3 22.Rcd1 Bc4
23.b3 Rxd1 24.Rxd1 Be2 25.Rd2 Bxf3 26.gxf3 Rc8 27.c4 Nb8 28.Ba5 Nc6 29.Bb6 Ke6
30.Kf1 Ne7 31.a4 g5 32.Ke2 h5 33.Rd3 Nf5 34.Rd2 Rc6 35.Be3 Rd6 36.b4 Nxe3
37.Rxd6+ Kxd6 38.fxe3 a5 39.b5 f5 40.Kd3  0-1

[Event "Isla Guitart op"]
[Site "Isla Guitart "]
[Date "1994.??.??"]
[Round "?"]
[White "Rivera, Alberto"]
[Black "Gonzalez, Renier"]
[Result "1-0"]
[WhiteElo "2370"]
[BlackElo "2220"]

1.e4 c5 2.Nf3 Nc6 3.Bb5 g6 4.Bxc6 dxc6 5.d3 Bg7 6.h3 Nf6 7.Nc3 O-O 8.Be3 b6
9.Qd2 e5 10.Bh6 Qe7 11.Bxg7 Kxg7 12.Qg5 Re8 13.O-O a5 14.a4 Nh5 15.Qxe7 Rxe7
16.Rfe1 Ba6 17.b3 Kf6 18.Ne2 h6 19.Rf1 Kg7 20.Nd2 f5 21.Ng3 Nxg3 22.fxg3 Rf8
23.Rf3 h5 24.Raf1 Ref7 25.Re1 Re8 26.Rf2 f4 27.gxf4 Rxf4 28.Rxf4 exf4 29.h4 Kf6
30.Rf1 g5 31.g3 Rf8 32.Kg2 Kg6 33.hxg5 Kxg5 34.Nf3+ Kh6 35.Ne5 Kg5 36.Nd7 Rf7
37.Nxb6 h4 38.gxf4+ Rxf4 39.Rxf4 Kxf4 40.Nc4 Bc8 41.Nxa5 Ke3 42.Nc4+ Kd4
43.Nd6 Ba6 44.a5 Ke5 45.Nc4+ Kd4 46.Kh3 Bc8+ 47.Kxh4  1-0